000 00432nam a2200157Ia 4500
008 240729s9999 xx 000 0 und d
022 _a1178-7074
245 0 _aInternational Journal of General Medicine
260 _aUnited Kingdom
260 _bDove Medical Press
650 _a Medicine (General)
650 _aMedicine
856 _uhttps://doaj.org/toc/2fe859d0654c4eeb8091f93af3b1c240
942 _2ddc
942 _cDOAJEJ
999 _c73826
_d73826
945 _a1
_bMadushi Gamage
_c1
_dMadushi Gamage